000 00495cab a2200205 4500
001 X2704
008 090401t1990 xxu||||| |||| 00| 0 eng d
035 _a(Sirsi) u25875
041 _aeng
100 _aTenorio, V.
245 _aPhilippines : business as usual, but not for the faint of heart
260 _c1990
350 _a0
490 _aAsian Property
_vMarch 1990, 12-14(3)
650 _aMARKET
650 _aPROPERTY
690 _aOVERSEAS
942 _n0
948 _c04/03/1997
999 _c17386
_d17386